常用漢字表の読み(3アウト制) - Statistics

General Stats
  • This quiz has been taken 59 times
  • The average score is 5 of 25
Answers on the Grid
Answers color-coded by a green-red scale on the quiz's grid according to % correct below.
公(おおやけ)
則(のっと-る)
勤(ゴン)
司(つかさど-る)
各(おのおの)
呉(く-れる)
唆(そそのか-す)
営(いとな-む)
埼(さき)
委(ゆだ-ねる)
媛(ひめ)
宜(よろ-しい)
実(さね)
審(つまび-らか)
寿(ことぶき)
尚(なお)
局(つぼね)
崇(あが-める)
恭(うやうや-しい)
愛(め-でる)
承(うけたまわ-る)
暇(ひま)
概(おおむ-ね)
殺(あや-める)
況(いわ-んや)
活(い-かす)
火(ほ)
畝(せ)
益(ま-す)
確(しか-と)
究(きわ-める)
窮(きわ-まる)
経(た-つ)
政(まつりごと)
償(つぐな-う)
育(はぐく-む)
苛(さいな-む)
茨(いばら)
虐(しいた-げる)
虚(むな-しい)
虞(グ)
角(すみ)
誤(あやま-る)
趣(おもむ-く)
輩(ともがら)
辛(つら-い)
違(たが-える)
酷(ひど-い)
鑑(かがみ)
限(きり)
隔(へだ-てる)
駒(ク)
基(もとい)
行(アン)
灯(ドン)
盛(ジョウ)
守(かみ)
慄(おのの-く)
慌(あわ-てる)
秀(ひい-でる)
 
Answer Stats
Answer % Correct
営(いとな-む)
56%
公(おおやけ)
54%
委(ゆだ-ねる)
40%
承(うけたまわ-る)
35%
暇(ひま)
25%
各(おのおの)
23%
育(はぐく-む)
21%
誤(あやま-る)
21%
勤(ゴン)
19%
寿(ことぶき)
19%
唆(そそのか-す)
17%
恭(うやうや-しい)
17%
究(きわ-める)
17%
行(アン)
15%
茨(いばら)
13%
隔(へだ-てる)
13%
慌(あわ-てる)
13%
償(つぐな-う)
10%
政(まつりごと)
8%
盛(ジョウ)
8%
秀(ひい-でる)
6%
火(ほ)
4%
窮(きわ-まる)
4%
虐(しいた-げる)
2%
基(もとい)
0%
No matching quizzes found
Score Distribution
Percent of People with Each Score
Percentile by Number Answered
Your Score History
You have not taken this quiz